Elements de la theorie des determinants : avec application a l'algebre, la trigonometrie et la geometrie analytique dans le plan et dans l'espace, a l'usage des classes de mathematiques speciales
Αποθηκεύτηκε σε:
| Κύριος συγγραφέας: | |
|---|---|
| Μορφή: | Βιβλίο |
| Γλώσσα: | French |
| Δημοσίευση: |
Paris :
Gauthier-Villars,
1921
|
| Έκδοση: | 3e ed. |
| Θέματα: | |
| Ετικέτες: |
Προσθήκη ετικέτας
Δεν υπάρχουν, Καταχωρήστε ετικέτα πρώτοι!
|
MARC
| LEADER | 00000cam a2200000 i 4500 | ||
|---|---|---|---|
| 001 | 1/9421 | ||
| 008 | 100715s1921 fre d | ||
| 035 | |l 10108623 | ||
| 040 | |a GR-MY-UA |b gre |e aacr | ||
| 041 | 0 | |a fre | |
| 082 | 0 | |a 512.9432 |2 (22) | |
| 100 | 1 | |a Dostor, G. | |
| 245 | 1 | 0 | |a Elements de la theorie des determinants : |b avec application a l'algebre, la trigonometrie et la geometrie analytique dans le plan et dans l'espace, a l'usage des classes de mathematiques speciales / |c par G. Dostor |
| 250 | |a 3e ed. | ||
| 260 | |a Paris : |b Gauthier-Villars, |c 1921 | ||
| 300 | |a xxxiii, 361 σ.; |c 23 εκ. | ||
| 650 | 0 | 0 | |a Determinants. |
| 852 | |a INST |b SAMOS |c MAG |e 20100715 |h 512.9432 DOS |p 005300031472 |q 005300031472 |t BK |y 0 | ||
| 901 | |a BIBL3-2010-2 | ||
| 909 | |a Σ |b 165878 | ||
| 970 | |a ΡΟΥΣΣΟΥ |b ΚΩΝΣΤΑΝΤΙΝΑ |z 2010/07/15 | ||